1148 1772 1497 1441 1069 1550 1367 1611 1645 1852 1008 1610 1013 1557 1042 1500 1205 1122 1895 1356 1100 1162 1013 1649 1451 1730 1543 1663 1105 1713 1772 1340 1485 1680 1024 1343 1942 1592 1280 1614 1741 1191 1684 1841 1072 1938 1767 1822 1740 1632 1538 1889 1482 1435 1721 1493 1393 1746 1538 1866 1139 1456 1081 1158 1780 1586 1767 1798 1955 1011 1282 1137 1189 1752 1468 1339 1421 1514 1072 1324 1464 1170 1384 1480 1200 1015 1996 1157 1034 1913 1526 1111 1045 1450 1298 1971 1685 1994 1108 BCNSPRNW ULIB Ver.6.0+V

เปลี่ยนเป็นภาษาไทย

Change to English
 แสดงรายละเอียดบรรณานุกรม
  กลับหน้าหลัก

Brief Record : Get Marc (ISO 2709) : E-mail record : QR code < ปิดหน้าต่าง
LEADER : 00000nam 2200000uu 4500
001    13399108428
003     ULIB
008    110303s2552||||th 000 0 tha d
060  4 WY115^bว316ก 2552
100 0  วราพร วันไชยธนวงศ์
245 00 การให้บริการสุขภาพที่บ้าน/^cวราพร วันไชยธนวงศ์
260    เชียงใหม่:^bวิทยาลัยพยาบาลบรมราชชนนี เชียงใหม่,^c2552
300    100 หน้า
650  7 บริการสุขภาพที่บ้าน
650  7 ผู้ป่วยที่บ้าน^xบริการ
710 1  วิทยาลัยพยาบาลบรมราชชนนี เชียงใหม่
945    ^p0^l0^i025726
945    ^p0^l0^i025725
995    ทศพร
999 ^a ใช้งานได้ทุกระบบ
รายการนี้ยังไม่มีแท็ก
คุณยังไม่ได้ล็อกอิน คุณสามารถมีกิจกรรมร่วมกับเว็บไซต์ได้ แต่ต้องล็อกอินก่อน ::
  ล็อกอิน

รายการสื่อสารสนเทศ

ลำดับที่ ประเภท เลขเรียก/บาร์โค้ด สถานที่ สถานะ
- ไม่พบข้อมูล -

รายการใกล้เคียง
    ผู้แต่ง [วราพร วันไชยธนวงศ์]

BibComment


ยังไม่เคยถูกคอมเมนท์

คอมเมนท์ทรัพยากรรายการนี้
  คอมเมนท์: การให้บริการสุขภา..


 Copyright 2026. Bcnsprnw @Library